| 000 | 01048nam a2200325 a 4500 | ||
|---|---|---|---|
| 003 | AR-BaBNM | ||
| 005 | 20251128205024.0 | ||
| 008 | 082120s2002 ||||||||||||||000 | spa|| | ||
| 020 | _a950-46-0288-6 | ||
| 040 | _cAR-BaBNM | ||
| 100 | 1 | _aKaufman, Ana María | |
| 245 | 0 | 0 |
_aEl multilibro inicial _bla brigada Salvatuti : jugamos y trabajamos con números |
| 260 |
_aBuenos Aires _bSantillana _c1995 |
||
| 300 |
_a155 p. _bil. |
||
| 490 | 0 | _aEl multilibro | |
| 500 | _aContenido: Leemos o nos leen: "las aventuras de la brigada Salvatuti y el oso Mugroso"... y otras cosas más - Investigamos - Jugamos y trabajamos con números - Recortamos | ||
| 521 | _aINICIAL | ||
| 650 | 4 | _aCUENTOS | |
| 650 | 4 | _aPOESIA | |
| 650 | 4 | _aCONCEPTOS NUMERICOS | |
| 650 | 4 | _aTRABAJO DE INVESTIGACION | |
| 653 | _aEDUCACION INICIAL | ||
| 653 | _aLECTOESCRITURA | ||
| 653 | _aHISTORIETAS | ||
| 700 | 1 | _aWolman, Susana | |
| 700 | 1 |
_aMiorin de Ortega, Noemí _ecolaborador |
|
| 800 | 1 |
_aMérega, Herminia _edirector |
|
| 942 | _cBK | ||
| 998 | _cGrace | ||
| 999 |
_c9695 _d9695 |
||